000 00843nam a2200229 a 4500
001 000024061
005 20200930022702.0
008 110118s1995 xxud r 001 0 spa d
020 _a0201625776
040 _aDO-SdBNP
_bspa
_cBNPHU
082 _a621.3192
_bS161a
100 1 _aSalcedo Carretero, José M.
_949437
245 1 0 _aAnálisis de circuitos eléctricos lineales :
_bproblemas resueltos /
_cJosé M. Salcedo Carretero , Jesús López Galván.
260 _aWilmington, E.U.A :
_bAddison-AWesley Iberoamericana,
_c1995.
300 _a294 p. :
_bdiag. ;
_c23.5 cm.
500 _aIncluye notas al pie de las páginas.
500 _aIncluye índice de materias.
650 4 _aAnálisis de circuitos eléctricos
_947420
650 4 _aAnálisis de redes eléctricas
_949438
700 1 _aLópez Galván, Jesús,
_949439
049 _aBNGR
999 _c23556
_d23556